Mathematics for economics and business / (Record no. 22781)

MARC details
000 -LEADER
fixed length control field 00975cam a2200301 i 4500
003 - CONTROL NUMBER IDENTIFIER
control field EG-ScBUE
005 - DATE AND TIME OF LATEST TRANSACTION
control field 20260503091602.0
008 - FIXED-LENGTH DATA ELEMENTS--GENERAL INFORMATION
fixed length control field 161023s2015 enka f bd 001 0 eng d
020 ## - INTERNATIONAL STANDARD BOOK NUMBER
International Standard Book Number 9781292074337
040 ## - CATALOGING SOURCE
Original cataloging agency EG-ScBUE
Language of cataloging eng
Description conventions rda
Transcribing agency EG-ScBUE
Modifying agency EG-ScBUE
082 04 - DEWEY DECIMAL CLASSIFICATION NUMBER
Edition number 22
Classification number 512.024339
Item number JAC
100 1# - MAIN ENTRY--PERSONAL NAME
Personal name Jacques, Ian,
Dates associated with a name 1957-
Relator term author.
245 10 - TITLE STATEMENT
Title Mathematics for economics and business /
Statement of responsibility, etc Ian Jacques.
250 ## - EDITION STATEMENT
Edition statement Eighth edition.
264 #1 - PUBLICATION, DISTRIBUTION, ETC. (IMPRINT)
Place of publication, distribution, etc Harlow :
Name of publisher, distributor, etc Pearson Education Limited,
Date of publication, distribution, etc 2015.
300 ## - PHYSICAL DESCRIPTION
Extent 660 pages :
Other physical details illustrations ;
Dimensions 28 cm
336 ## - CONTENT TYPE
Source rdacontent
Content type term text
Content type code txt
337 ## - MEDIA TYPE
Media type term unmediated
Source rdamedia
Media type code n
338 ## - CARRIER TYPE
Carrier type term volume
Carrier type code nc
Source rdacarrier
500 ## - GENERAL NOTE
General note Includes glossary.<br/>
504 ## - BIBLIOGRAPHY, ETC. NOTE
Bibliography, etc Includes bibliographical references and index.<br/>
650 #7 - SUBJECT ADDED ENTRY--TOPICAL TERM
Topical term or geographic name as entry element Business mathematics.
Source of heading or term BUEsh
9 (RLIN) 801
650 #7 - SUBJECT ADDED ENTRY--TOPICAL TERM
9 (RLIN) 1252
Topical term or geographic name as entry element Economics, Mathematical.
Source of heading or term BUEsh
651 ## - SUBJECT ADDED ENTRY--GEOGRAPHIC NAME
Source of heading or term BUEsh
653 ## - INDEX TERM--UNCONTROLLED
Resource For college BAEPS, Business Administration
Arrived date list October2016
655 ## - INDEX TERM--GENRE/FORM
Form subdivision Reading book
942 ## - ADDED ENTRY ELEMENTS (KOHA)
Source of classification or shelving scheme Dewey Decimal Classification
Koha item type Book - Borrowing
Holdings
Withdrawn status Lost status Source of classification or shelving scheme Damaged status Not for loan Collection code Home library Current library Shelving location Date acquired Source of acquisition Cost, normal purchase price Serial Enumeration / chronology Total Checkouts Full call number Barcode Date last seen Date checked out Cost, replacement price Price effective from Koha item type
    Dewey Decimal Classification     Baccah Central Library Central Library First floor 23/10/2016 Purchase 480.00 25846 1 512.024339 JAC 000034446 15/07/2025 13/12/2017 600.00 23/10/2016 Book - Borrowing
    Dewey Decimal Classification     Baccah Central Library Central Library First floor 23/10/2016 Purchase 480.00 25846   512.024339 JAC 000034447 15/07/2025   600.00 23/10/2016 Book - Borrowing